Cơ sở lý thuyết tính toán /

Giới thiệu máy Turing; Tính bất khả quyết; Các bài toán nan giải; Các lớp bài toán khác.

Zapisane w:
Opis bibliograficzny
Kolejni autorzy: Trần Đức Quang (biên dịch.)
Format: Książka
Język:Vietnamese
Wydane: TpHCM. : Đại học quốc gia, 2004.
Hasła przedmiotowe:
Etykiety: Dodaj etykietę
Nie ma etykietki, Dołącz pierwszą etykiete!
Thư viện lưu trữ: Mạng thư viện Đại học Đà Nẵng
LEADER 01255cam a2200361 a 4500
001 000044085
003 2300
005 20060317143613.0
008 010217b2004 vm 000 vie
020 |c 24000 
040 |a LRC  |c LRC  |d LRC 
041 1 |a vie 
082 1 4 |a 005.131  |b Cơ-S 
245 0 0 |a Cơ sở lý thuyết tính toán /  |c Trần Đức Quang (biên dịch và chú giải). 
260 |a TpHCM. :  |b Đại học quốc gia,  |c 2004. 
300 |a 225 tr. :  |b mh. ;  |c 24 cm. 
520 3 |a Giới thiệu máy Turing; Tính bất khả quyết; Các bài toán nan giải; Các lớp bài toán khác. 
630 0 4 |a Máy tính. 
630 0 4 |a Thuật toán. 
650 0 4 |a Máy Turing. 
700 1 |a Trần Đức Quang,  |e biên dịch. 
OWN |a DUT 
AVA |a UDN50  |b DUT  |c Book  |d 005.131 Cơ-S  |e available  |t Error 5001 Not defined in file expand_doc_bib_avail.  |f 5  |g 0  |h N  |i 0  |j SH  |k 1 
999 |a From the UDN01 
AVA |a UDN50  |b DUT  |c Book  |d 005.131 Cơ-S  |e available  |t Error 5001 Not defined in file expand_doc_bib_avail.  |f 5  |g 0  |h N  |i 0  |j SH  |k 1 
TYP |a Monograph 
TYP |a Printed language 
980 |a Mạng thư viện Đại học Đà Nẵng